000 01217nmc a2200337 a 4500
003 AR-BaBNM
005 20251128210735.0
008 131020s2003 ||||||||||||||000 | spa||
020 _a950-808-223-2
040 _cAR-BaBNM
100 1 _aFamiglietti Secchi, María
245 1 0 _aDidáctica y metodología de la educación tecnológica
_baprender haciendo : 3er. ciclo de la EGB y polimodal
246 1 _aDidáctica y metodología de la educación tecnológica 2
250 _a2ª ed.
260 _aRosario
_bHomo Sapiens Ediciones
_c2003
300 0 _a123 p.
_bgráfs., tablas
490 0 _aEducación
500 1 _a"Contenidos conceptuales orientadores, reflexión teórico-operativa sobre proyectos, un aporte al 3er. ciclo de la EGB y Polimodal"
504 _aContiene referencias bibliográficas
653 _aENSENANZA DE LA TECNOLOGIA
653 _aEDUCACION TECNOLOGICA
653 _aTERCER CICLO DE LA EGB
653 _aEDUCACION POLIMODAL
653 _aCONTENIDOS CONCEPTUALES
653 _aESTRATEGIAS DIDACTICAS
700 1 _aSecchi, Rolando
_ecolaborador
700 1 _aValeri, Valerio
_ecolaborador
700 1 _aLioi, José Antonio
_etraductor
942 _cBK
998 _cRAQUEL
999 _c16692
_d16692